| 000 | 01343nam0a2200325 4500 | ||
|---|---|---|---|
| 001 | RU\NLR\bibl\737154 | ||
| 005 | 20250614001804.0 | ||
| 010 |
_a5-215-0633-X _9500 |
||
| 021 |
_aRU _b2004-80960 _93993 |
||
| 035 | _a(NLR Aleph) 000727070 | ||
| 090 |
_a739063 _c739063 |
||
| 100 | _a20050318d2004 |||y0rusy50 ca | ||
| 101 | 0 | _arus | |
| 102 | _aRU | ||
| 105 | _aa ||||||||| | ||
| 200 | 1 |
_aСовременные тенденции в производственном менеджменте технического сервиса автотранспортных средств _eмонография _fЮ. В. Буралев, к.т.н., доц. |
|
| 210 |
_aМосква _cГосударственный университет управления _d2004 |
||
| 215 |
_a79, [1] с. _cил. _d21 |
||
| 320 | _aБиблиогр.: с. 79 (4 назв.) | ||
| 606 | 1 |
_aАвтомобильно-ремонтные предприятия _xУправление _91063041 _3RU\NLR\auth\6694453 |
|
| 686 | _aУ30(2)-585.455-21 | ||
| 686 | _aУ37(2)331.04-21 | ||
| 700 | 1 |
_aБуралев _bЮ. В. _gЮлий Васильевич _4070 |
|
| 801 | 0 |
_aRU _bNLR _c20050318 _gPSBO |
|
| 801 | 1 |
_aRU _bNLR _c20050318 |
|
| 830 | _aАвт. по кн. | ||
| 942 | _cBOOK | ||
| 980 | _aNB | ||